000 00839nam a2200265 a 4500
001 72138
003 BD-RjUL
005 20211209082221.0
008 170514s1957 nyua 001 0 eng d
035 _a(BD-RjUL)72354
040 _aDLC
_cDLC
_dDLC
_dBD-RjUL
_beng
041 _aeng
082 0 0 _a543
_223
_bMOS 1957
100 1 _aMorrison, George H.
_q(George Harold),
_d1921-
_9213360
245 1 0 _aSolvent Extraction In Analytical Chemistry /
_c[by] George H. Morrison [and] Henry Freiser.
260 _aNew York :
_bJohn Wiley,
_cc1957.
300 _axi, 269 p. :
_bill. ;
_c24 cm.
500 _aIncludes Index.
650 0 _aChemistry, Analytic
_9213361
650 0 _aSolvent extraction.
_9213362
650 0 _aSolvents.
_9203287
700 1 _aFreiser, Henry
_d1920-
_ejoint author.
_9213363
942 _2ddc
_cBK
999 _c72138
_d72138